Study guide to accompany West's business law : text & cases ; legal, ethical, international, and e-commerce environment, (Record no. 4910)

MARC details
000 -LEADER
fixed length control field 00793nam a22002057a 4500
020 ## - INTERNATIONAL STANDARD BOOK NUMBER
ISBN 0324052847
020 ## - INTERNATIONAL STANDARD BOOK NUMBER
ISBN 9780324052848
050 ## - CALL NUMBER
Classification number KF888
Item number .C55
100 ## - AUTHOR
Personal name Clarkson, Kenneth W.
245 ## - TITLE
Title Study guide to accompany West's business law : text & cases ; legal, ethical, international, and e-commerce environment,
Statement of responsibility, etc William Eric Hollowell; Kenneth W Clarkson; Roger LeRoy Miller
250 ## - EDITION
Edition statement eighth edition
260 ## - PUBLICATION INFORMATION
Place of publication Cincinnati :
Name of publisher West Thomson Learning,
Year of publication ©2001.
300 ## - DESCRIPTION
Number of Pages xiv, 461 pages ;
Dimensions 28 cm
500 ## - NOTES
General note West's business law
650 ## - SUBJECTS
Topical Term Commercial law -- United States -- Outlines, syllabi, etc.
General subdivision Commercial law.
650 ## - SUBJECTS
Topical Term United States
General subdivision
700 ## - OTHER AUTHORS
Personal name William Eric Hollowell;
710 ## - OTHER AUTHORS
OTHER AUTHORS Roger LeRoy Miller
942 ## - ADDED ENTRY ELEMENTS (KOHA)
Koha item type Books
Holdings
Withdrawn status Lost status Collection code Home library Current library Shelving location Date acquired Full call number Accession Number Koha item type
    Reference Methodist University Law Library Methodist University Law Library General Stacks   KF888 .C55 28985 Books
Copyright © 2026  MUG Library